|
|
|
|
| LEADER |
00000cam a2200000 a 4500 |
| 001 |
vtls011598274 |
| 003 |
SK-MaSNL |
| 005 |
20260426005915.0 |
| 008 |
240318s2016 xo g n 000 0 slo |
| 015 |
|
|
|a SNBA2017/02
|
| 020 |
|
|
|a 9788081148439
|q (brož.)
|
| 035 |
|
|
|a urn:nbn:sk:snk-am00dflr
|
| 035 |
|
|
|a urn:nbn:sk:snk-am3i0m1
|
| 035 |
|
|
|a 588E8944-AEBD-4708-8296-F7FD31321563
|
| 040 |
|
|
|a SNK
|b slo
|c SNK
|e AACR2
|
| 041 |
0 |
|
|a slo
|
| 043 |
|
|
|a e-xo---
|
| 044 |
|
|
|a xo
|c SK
|
| 072 |
|
7 |
|a 343
|x Trestné právo
|2 konspekt
|
| 072 |
|
7 |
|a 929
|x Biografie
|2 konspekt
|
| 080 |
|
|
|a 343.9.02
|2 2011
|
| 080 |
|
|
|a 343.3/.7
|2 2011
|
| 080 |
|
|
|a (437.6)
|2 2011
|
| 080 |
|
|
|a (0:82-96)
|2 2011
|
| 100 |
1 |
|
|a Murín, Gustáv,
|d 1959-
|4 aut
|9 105033
|
| 245 |
1 |
0 |
|a Mafiáni
|n II.
|p Danišovci, Peter "Žaluď" Steinhübel, Diničovci
|c Gustáv Murín
|
| 246 |
3 |
0 |
|a Danišovci
|
| 246 |
3 |
0 |
|a Peter Žaluď Steinhübel
|
| 246 |
3 |
0 |
|a Diničovci
|
| 250 |
|
|
|a 1. vyd.
|
| 260 |
|
|
|a Bratislava
|b Marenčin PT
|c 2016
|
| 300 |
|
|
|a 220 s.
|c 17 cm
|
| 504 |
|
|
|a Bibliografia na strane 213-[221]
|
| 650 |
0 |
7 |
|a mafia
|2 SNKPH
|9 2675
|
| 650 |
0 |
7 |
|a organizovaná kriminalita
|2 SNKPH
|9 2186
|
| 650 |
0 |
7 |
|a Organized crime
|2 SNKPHeng
|9 310947
|
| 651 |
|
7 |
|a Slovensko
|2 SNKPH
|9 14231
|
| 651 |
|
7 |
|a Slovakia
|2 SNKPHeng
|9 92630
|
| 655 |
|
7 |
|a literatúra faktu
|2 SNKPH
|9 70526
|
| 655 |
|
7 |
|a Non-fiction
|2 SNKPHeng
|9 310495
|
| 852 |
|
|
|a Štátna vedecká knižnica v Banskej Bystrici
|
| 919 |
|
|
|a 978-80-8114-843-9
|
| 958 |
|
|
|a NB
|
| 999 |
|
|
|c 1020004
|d 1021934
|
| 952 |
|
|
|a SNK
|b SNK
|y PREZ
|7 0
|p 17A1252936
|o snkSD 85998/2
|i snk2017/3812
|8 0
|0 0
|1 0
|4 0
|d 2017-02-10
|f 1
|l 0
|r 2026-02-24 13:21:05
|w 2026-02-24
|
| 952 |
|
|
|a SNK
|b SNK
|y VYP
|7 0
|p 17A1252937
|o snkSD 85998/2 D1
|i snk2017/3813
|8 0
|0 0
|1 0
|4 0
|d 2017-02-10
|l 0
|r 2026-02-24 13:21:05
|w 2026-02-24
|